| 000 | 03868nas1a22004091i 4500 | ||
|---|---|---|---|
| 001 | RU\NLR\INFOCOMM\1000087989 | ||
| 005 | 20240726013506.0 | ||
| 011 | _a0135-4116 | ||
| 035 | _a(NLR Aleph) 002576477 | ||
| 090 |
_a3236448 _c3236448 |
||
| 100 | _a20040505c1989 |||y0rusy50 ca | ||
| 101 | 0 | _arus | |
| 102 | _aRU | ||
| 110 | _aayu||||0|y0 | ||
| 200 | 1 |
_aМонтажные и специальные строительные работы _eОбзор. информ. _iСерия "Монтаж оборудования и трубопроводов" _fМ-во монт. и спец. строит. работ СССР. ЦБНТИ |
|
| 210 |
_aМ. _d1989- |
||
| 801 | 1 |
_aRU _bInfoComm _c20040505 |
|
| 801 | 0 |
_aRU _bNLR _gPSBO |
|
| 852 |
_aNLR _jП10/6697 |
||
| 942 | _cJOURNAL | ||
| 980 | _aRUSPER | ||